Logo BPK

Biblioteka

Politechniki Koszalińskiej

Wielka encyklopedia PWN. (Rekord nr 46391)

Szczegóły MARC
000 -ETYKIETA REKORDU
podpole kontrolne o stałej długości 00817nam a2200241 i 4500
001 - NUMER KONTROLNY REKORDU
pole kontrolne bg
015 ## - NUMER BIBLIOGRAFII NARODOWEJ
Numer bibliografii narodowej PB 12246/2005
020 ## - MIĘDZYNARODOWY ZNORMALIZOWANY NUMER KSIĄŻKI - ISBN
ISBN 8301133570 (30 t.)
020 ## - MIĘDZYNARODOWY ZNORMALIZOWANY NUMER KSIĄŻKI - ISBN
ISBN 8301143649 (t.29)
040 ## - ŹRÓDŁO KATALOGOWANIA
Instytucja, która utworzyła rekord BPK
041 0# - KOD JĘZYKA
Kod języka tekstu pol
080 ## - UNIWERSALNA KLASYFIKACJA DZIESIĘTNA - UKD
UKD 0/9(03)
920 ## - Międzynarodowy znormalizowany numer książki – ISBN
ISBN 83-01-13357-0 (30 t.)
920 ## - Międzynarodowy znormalizowany numer książki – ISBN
ISBN 83-01-14364-9 (t.29)
008 - POLE O STAŁEJ DŁUGOŚCI - DANE KONTROLNE
podpole kontrolne o stałej długości s pl f |000 0 pol
245 00 - TYTUŁ/ODPOWIEDZIALNOŚĆ
Tytuł Wielka encyklopedia PWN.
Oznaczenie części/sekcji dzieła 9,
Tytuł części/sekcji dzieła Warszawska Organizacja - Woźnicki Próg /
Pozostałe elementy strefy tytułu i oznaczenia odpowiedzialności [red. nacz. Jan Wojnowski].
260 ## - STREFA ADRESU WYDAWNICZEGO
Miejsce wydania Warszawa :
Nazwa wydawcy/dystrybutora Wydaw. Naukowe PWN,
Data publikacji, dystrybucji/powstania dokumentu cop. 2005.
300 ## - STREFA OPISU FIZYCZNEGO
Objętość 584 s. :
Inne cechy fizyczne il. (gł. kolor.), fot., mapy, portr., rys., wykr. ;
Rozmiary 30 cm.
650 #9 - HASŁO PRZEDMIOTOWE W FORMIE NAZWY OGÓLNEJ LUB JEDNOSTKOWEJ
Nazwa ogólna lub geograficzna Encyklopedia polska
700 1# - HASŁO DODATKOWE - NAZWA OSOBOWA
Nazwa osobowa WOJNOWSKI, Jan.
Określenie związku między hasłem a opisywanym materiałem Red.
856 ## - LOKALIZACJA I DOSTĘP DO ELEKTRONICZNYCH DOKUMENTÓW ZDALNYCH
Link (URL) http://koha.tu.koszalin.pl/cgi-bin/koha/opac-detail.pl?biblionumber=46391
Tekst linku Katalog online BPK
942 ## - DODATKOWE ELEMENTY (KOHA)
Typ dokumentu Książka
Egzemplarze
Wycofany Status egzemplarza Uszkodzony Dostępność Lokalizacja stała Lokalizacja bieżąca Miejsce przechowywania Sygnatura Kod kreskowy Dział Typ dokumentu
      Tylko na miejscu Biblioteka Politechniki Koszalińskiej Biblioteka Politechniki Koszalińskiej Czytelnia BG 76297 02276038 0/9(03) Encyklopedie. Leksykony Książka
© 2023 Biblioteka Politechniki Koszalińskiej :: KOHA